000 00832 a2200193 4500
003 Nust
005 20230328122648.0
040 _cNust
082 _a629.8,THO
100 _aS. Thompson
_9111511
245 _aControl systems engineering and design /
_cS. Thompson
250 _a1st ed
260 _aEnglish Language Book society
_bLongman
_c1989
300 _axii, 364 p
_billus
_c24 cm
505 _aControl System Design and Modelling (Page-1), Differential Equations and Laplace Transforms (Page-32), Block Diagrams (Page-55), Design Concepts in the Plane (Page-74), Stability (Page-111), Root Loci (Page-132), Identification (Page-236), Case Studies (Page-248), Design and Identification Programs (Page-272).
600 _aS. Thompson
_9111511
650 _aControl systems engineering and design
_9111512
942 _2ddc
_cBK
999 _c184865
_d184865